000 00363pab a2200157 454500
008 180718b2010 xxu||||| |||| 00| 0 eng d
100 _aPunwani, Jyoti
245 _aThe trial of Binayak Sen
260 _c2010
300 _ap.21-23.
362 _a25 Dec
650 _aSen, Binayak
773 _aEconomic and Political Weekly
908 _aN
909 _a90311
999 _c90311
_d90311